[Event "Barcelona Sant Marti op 8th"]
[Site "Barcelona"]
[Date "2019.01.17"]
[Round "1"]
[White "Llorens Gou, Juan"]
[Black "Molano Lafuente, Ismael"]
[Result "0-1"]
[WhiteElo "1653"]
[BlackElo "1935"]
[PlyCount "66"]
[EventDate "2019.01.17"]
[EventType "swiss"]
[EventRounds "9"]
[EventCountry "ESP"]
[SourceTitle "CBM 189 Extra"]
[Source "ChessBase"]
[SourceDate "2019.05.31"]
[SourceVersion "1"]
[SourceVersionDate "2019.05.31"]
[SourceQuality "1"]

1. d4 d5 2. Bf4 e6 3. e3 f5 4. c4 c6 5. Nc3 Nf6 6. Nf3 Bd6 7. Bg3 0-0 8. c5 Bxg3 9. hxg3 Nbd7 10. b4 b6 11. Be2 a5 12. b5 bxc5 13. bxc6 Nb8 14. Ne5 a4 15. 0-0 Qa5 16. Qc2 c4 17. Rfb1 Ne4 18. Nxe4 fxe4 19. Bxc4 dxc4 20. Qxc4 Qd2 21. Rf1 Na6 22. Rad1 Qb4 23. Qc2 Nc7 24. Qxe4 Nd5 25. Qc2 Ba6 26. Rfe1 Qc3 27. Qe4 Qb2 28. Nd3 Bxd3 29. Qxe6+ Kh8 30. Qxd5 Qxf2+ 31. Kh1 Rf5 32. Qxf5 Qxf5 33. Rxd3 Qxd3 0-1

[Event "Barcelona Sant Marti op-A 20th"]
[Site "Barcelona"]
[Date "2018.07.17"]
[Round "5"]
[White "Llorens Gou, Juan"]
[Black "Jijo, Joy"]
[Result "0-1"]
[WhiteElo "1717"]
[BlackElo "1969"]
[PlyCount "176"]
[EventDate "2018.07.13"]
[EventType "swiss"]
[EventRounds "9"]
[EventCountry "ESP"]
[SourceTitle "CBM 185 Extra"]
[Source "ChessBase"]
[SourceDate "2018.07.29"]
[SourceVersion "1"]
[SourceVersionDate "2018.07.29"]
[SourceQuality "1"]

1. d4 Nf6 2. Bf4 g6 3. Nf3 Bg7 4. e3 0-0 5. Be2 h6 6. h3 d5 7. 0-0 c5 8. c3 Nc6 9. Nbd2 Nd7 10. Bh2 e5 11. dxe5 Ndxe5 12. Nxe5 Nxe5 13. Nf3 Nc6 14. Qd2 Be6 15. Rfd1 Qb6 16. Qc2 Rac8 17. Qb3 Qxb3 18. axb3 Rfd8 19. Bb5 a6 20. Bxc6 Rxc6 21. Ne5 Rcc8 22. Kf1 d4 23. exd4 Bxb3 24. Rd2 cxd4 25. cxd4 Rc2 26. Rad1 Rcc8 27. Ra1 Rd5 28. f4 Bc4+ 29. Kf2 Bb5 30. Kf3 Rcd8 31. Bg1 Bxe5 32. fxe5 Rxe5 33. Rc1 Bc6+ 34. Kg3 Rg5+ 35. Kh2 Rgd5 36. Re1 R8d7 37. Bf2 a5 38. Ra1 a4 39. Re2 Rd8 40. Re7 Kf8 41. Ree1 R8d7 42. Kg1 Rg5 43. g3 b5 44. Kh2 Rf5 45. Kg1 Bd5 46. Rac1 Bc4 47. Kg2 Bd5+ 48. Kg1 Bc4 49. Be3 Kg7 50. Bf2 Rf3 51. Kg2 Bd5 52. Kg1 b4 53. Rc8 a3 54. bxa3 bxa3 55. Ra1 a2 56. Rc2 Rb7 57. Rcxa2 Bxa2 58. Rxa2 Rbb3 59. Rd2 Rbd3 60. Re2 h5 61. h4 Kf6 62. Kg2 Kg7 63. Re7 Kh6 64. Re2 f6 65. Rc2 g5 66. hxg5+ Kxg5 67. Re2 f5 68. Rc2 Rc3 69. Re2 Rfd3 70. Rb2 Rc7 71. Re2 Rdc3 72. Re1 Rc2 73. Kf3 R7c3+ 74. Kg2 Rd3 75. Kg1 Kg4 76. Rf1 Rdd2 77. d5 Rxd5 78. Be1 Rd1 79. Rf4+ Kg5 80. Rf1 Re2 81. Bf2 Rxf1+ 82. Kxf1 Rc2 83. Kg1 Kg4 84. Kf1 Kf3 85. Be1 Rc1 86. g4 hxg4 87. Kg1 g3 88. Kf1 g2+ 0-1